[Event "4NCL Division 2a"]
[Site "Reading, ENG"]
[Date "2016.11.20"]
[Round "2.44"]
[White "Page, Mark E"]
[Black "Rich, Mark C"]
[Result "1-0"]
[WhiteElo "2110"]
[BlackElo "2192"]
[PlyCount "71"]
[EventDate "2016.11.20"]
[WhiteTeam "Warwickshire Select 2"]
[BlackTeam "The ADs"]

1. e4 g6 2. Nc3 Bg7 3. d4 d6 4. f4 c6 5. Be3 d5 6. e5 h5 7. Nf3 Nh6 8. Be2 Bg4
9. O-O Nf5 10. Bf2 Bxf3 11. Bxf3 e6 12. g3 Nd7 13. a4 Bf8 14. Ne2 Rc8 15. b3 a5
16. c4 Bb4 17. Rc1 Nb6 18. c5 Nd7 19. Qd3 b6 20. cxb6 Qxb6 21. h3 Ne7 22. Rc2
Kd8 23. Kg2 Kc7 24. Rfc1 Kb7 25. Nc3 Qa6 26. Qd1 Nf5 27. Na2 Ba3 28. Rb1 Qb6
29. b4 Ka7 30. bxa5 Qxa5 31. Rb3 Be7 32. Qb1 Rc7 33. Be1 Qa6 34. Be2 Qc8 35.
Rcb2 c5 36. Rb5 1-0

[Event "4NCL Division 2a"]
[Site "Reading, ENG"]
[Date "2016.11.20"]
[Round "2.45"]
[White "Stockwell, Mark B"]
[Black "Green, Anthony J"]
[Result "1/2-1/2"]
[WhiteElo "2095"]
[BlackElo "1975"]
[PlyCount "97"]
[EventDate "2016.11.20"]
[WhiteTeam "The ADs"]
[BlackTeam "Warwickshire Select 2"]

1. e4 d6 2. d4 Nf6 3. Nc3 Nbd7 4. g3 e5 5. Nge2 c6 6. a4 a5 7. Bg2 Be7 8. O-O
O-O 9. h3 Qc7 10. Be3 exd4 11. Bxd4 Ne5 12. f4 Ng6 13. Qe1 Nd7 14. Rd1 b6 15.
Qf2 Ba6 16. Rfe1 Bf6 17. Bxf6 Nxf6 18. Nd4 Bb7 19. Nf5 Rad8 20. Qd4 Ne8 21. Qc4
Ne7 22. Ne3 Bc8 23. f5 d5 24. exd5 Nxf5 25. Nxf5 Bxf5 26. Kh2 cxd5 27. Bxd5
Qxc4 28. Bxc4 Rxd1 29. Rxd1 Nf6 30. Bb3 h5 31. Rd6 Rb8 32. Nd5 Nxd5 33. Rxd5
Be6 34. Rxh5 Bxb3 35. cxb3 g6 36. Rb5 Kf8 37. Kg2 Ke7 38. b4 axb4 39. Rxb4 Kd6
40. Rb5 Kc6 41. Kf3 Re8 42. g4 Re1 43. h4 Rh1 44. Kg3 f6 45. Rb3 Rg1+ 46. Kf3
Rh1 47. Kg3 Rg1+ 48. Kf4 Rh1 49. Kg3 1/2-1/2

[Event "4NCL Division 2a"]
[Site "Reading, ENG"]
[Date "2016.11.20"]
[Round "2.46"]
[White "Cundy, Mark A"]
[Black "Anderton, David W"]
[Result "1/2-1/2"]
[WhiteElo "1931"]
[BlackElo "2132"]
[PlyCount "52"]
[EventDate "2016.11.20"]
[WhiteTeam "Warwickshire Select 2"]
[BlackTeam "The ADs"]

1. e4 e6 2. d4 d5 3. Nc3 Bb4 4. e5 c5 5. a3 Bxc3+ 6. bxc3 Qa5 7. Bd2 Qa4 8. Be3
c4 9. Ne2 Nc6 10. g3 Bd7 11. Bg2 O-O-O 12. O-O f6 13. exf6 Nxf6 14. Qb1 h6 15.
Qb2 g5 16. f4 g4 17. f5 exf5 18. Nf4 Qa5 19. Ng6 Rhe8 20. Bxh6 Ne4 21. Bxe4
Rxe4 22. Bf4 Rde8 23. Ne5 Nxe5 24. Bxe5 Re3 25. Qb4 Qxb4 26. cxb4 Rc3 1/2-1/2

[Event "4NCL Division 2a"]
[Site "Reading, ENG"]
[Date "2016.11.20"]
[Round "2.47"]
[White "Bellin, Jana M"]
[Black "Charnley, Bernard J"]
[Result "1-0"]
[WhiteElo "2035"]
[BlackElo "1962"]
[PlyCount "65"]
[EventDate "2016.11.20"]
[WhiteTeam "The ADs"]
[BlackTeam "Warwickshire Select 2"]

1. d4 Nf6 2. Nf3 e6 3. Bf4 Nh5 4. Bd2 d5 5. g3 c5 6. e3 Nf6 7. c4 Nc6 8. Nc3
Be7 9. dxc5 Bxc5 10. Bg2 O-O 11. O-O b6 12. cxd5 exd5 13. Qa4 Bb7 14. Rfd1 a6
15. a3 b5 16. Qc2 Ba7 17. Rac1 Qb8 18. Be1 Ne5 19. Nxe5 Qxe5 20. Ne2 Rac8 21.
Bc3 Qh5 22. Nf4 Qh6 23. Qf5 Ne4 24. Bxe4 dxe4 25. Rd7 Rc5 26. Qg4 Bc8 27. Rcd1
Bxd7 28. Qxd7 Bb8 29. Bb4 Rc7 30. Qd8 Rc8 31. Bxf8 Rxd8 32. Rxd8 f6 33. Bd6+
1-0

[Event "4NCL Division 2a"]
[Site "Reading, ENG"]
[Date "2016.11.20"]
[Round "2.48"]
[White "Phillips, David"]
[Black "Arkell, Nicholas D"]
[Result "1-0"]
[WhiteElo "1675"]
[BlackElo "2080"]
[PlyCount "99"]
[EventDate "2016.11.20"]
[WhiteTeam "Warwickshire Select 2"]
[BlackTeam "The ADs"]

1. f4 d5 2. Nf3 g6 3. e3 Bg7 4. d4 Nf6 5. Bd3 Bg4 6. h3 Bxf3 7. Qxf3 c6 8. Nc3
e6 9. Nd1 Na6 10. c3 Nc7 11. Nf2 Qe7 12. Bd2 Nd7 13. O-O O-O 14. Rfe1 c5 15.
Rac1 Rac8 16. e4 dxe4 17. Bxe4 Qd6 18. Red1 b6 19. Bb7 Rb8 20. f5 Nd5 21. Bxd5
Qxd5 22. fxg6 fxg6 23. Qxd5 exd5 24. dxc5 bxc5 25. Rc2 Rbe8 26. Bc1 d4 27. Ng4
h5 28. Nh2 d3 29. Rf2 c4 30. Nf3 Nc5 31. Nd2 Rxf2 32. Kxf2 Rf8+ 33. Kg1 Rf4 34.
g3 Rf5 35. Nxc4 Rd5 36. Bf4 g5 37. Ne3 Rd7 38. Bxg5 Na4 39. Rd2 Nc5 40. Rd1 a5
41. Nc4 a4 42. Kg2 Kf7 43. Be3 Ne4 44. Kf3 Re7 45. Rxd3 Bf8 46. Rd7 Rxd7 47.
Ne5+ Ke8 48. Nxd7 a3 49. bxa3 Bxa3 50. Kxe4 1-0